书目信息 |
| 题名: |
电路与信号分析基础
|
|
| 作者: | 廖丽娟 主编 | |
| 分册: | ||
| 出版信息: | 北京 电子工业出版社 2016.08 |
|
| 页数: | 10,297页 | |
| 开本: | 26cm | |
| 丛书名: | ||
| 单 册: | ||
| 中图分类: | TM133 , TN911.6 | |
| 科图分类: | ||
| 主题词: | 电路分析--高等教育--教材 , 信号分析--高等教育--教材 | |
| 电子资源: | ||
| ISBN: | 978-7-121-29237-8 | |
| 000 | 01059nam0 2200289 450 | |
| 001 | 0120161998208 | |
| 005 | 20170327083911.53 | |
| 010 | @a978-7-121-29237-8@dCNY39.80 | |
| 100 | @a20160902d2016 em y0chiy50 ea | |
| 101 | 0 | @achi |
| 102 | @aCN@b110000 | |
| 105 | @aak z 000yy | |
| 106 | @ar | |
| 200 | 1 | @a电路与信号分析基础@9dian lu yu xin hao fen xi ji chu@f廖丽娟主编 |
| 205 | @a2版 | |
| 210 | @a北京@c电子工业出版社@d2016.08 | |
| 215 | @a10,297页@c图@d26cm | |
| 300 | @a普通高等教育“十三五”规划教材 | |
| 330 | @a本书系统地介绍了电路、信号与系统的基本概念、基本理论和基本分析方法。全书共分为7章,内容包括基础知识、直流电阻电路分析、一阶电路时域分析、正弦稳态电路分析、信号与系统的频域分析、信号与系统的复频域分析及Multisim电路仿真与实验等。 | |
| 333 | @a各电类相关专业的自学者、工程技术人员 | |
| 606 | 0 | @a电路分析@x高等教育@j教材 |
| 606 | 0 | @a信号分析@x高等教育@j教材 |
| 690 | @aTM133@v5 | |
| 690 | @aTN911.6@v5 | |
| 701 | 0 | @a廖丽娟@9liao li juan@4主编 |
| 801 | 0 | @aCN@b人天书店@c20160902 |
| 905 | @b980937-40@dTM133@e161=2@f4 | |
| 电路与信号分析基础/廖丽娟主编.-2版.-北京:电子工业出版社,2016.08 |
| 10,297页:图;26cm |
| 普通高等教育“十三五”规划教材.-使用对象:各电类相关专业的自学者、工程技术人员 |
| ISBN 978-7-121-29237-8:CNY39.80 |
| 本书系统地介绍了电路、信号与系统的基本概念、基本理论和基本分析方法。全书共分为7章,内容包括基础知识、直流电阻电路分析、一阶电路时域分析、正弦稳态电路分析、信号与系统的频域分析、信号与系统的复频域分析及Multisim电路仿真与实验等。 |
| ● |
| 相关链接 |
|
|
|
|
正题名:电路与信号分析基础
索取号:TM133/161=2
 
预约/预借
| 序号 | 登录号 | 条形码 | 馆藏地/架位号 | 状态 | 备注 |
| 1 | 980937 | 209809377 | 第二样本阅览室/ [索取号:TM133/161=2] | 在馆 | |
| 2 | 980938 | 209809386 | 第三借阅区/ [索取号:TM133/161=2] | 在馆 | |
| 3 | 980939 | 209809395 | 第三借阅区/ [索取号:TM133/161=2] | 在馆 | |
| 4 | 980940 | 209809402 | 密集书库-物理学院/ [索取号:TM133/161=2] | 在馆 |